LEADER 01259nam a2200277 i 4500 001 000000175975 003 CaOOAMICUS 005 20081124000000.0 008 081124s2003 it u000 u ita u 013 $a153460 020 $a88-211-7267-8 040 $aSeMil$bita 100 1 $aGuarnieri, Romana,$d<1913-2004>.$0(OLS)http://semarc/name/20098 245 10$aCon occhi di Beghina :$bsguardi sull'oggi /$cRomana Guarnieri ; presentazione di Agostino Marchetto. 260 $aGenova-Milano :$bMarietti 1820,$c2003. 300 $aXVI, 183 p. ;$c21 cm. 490 0 $aBiblioteca di Bailamme 500 $aRaccolta di scritti già pubbl. in periodici vari. - Dono di Don Romano Martinelli. 700 1 $aMarchetto, Agostino,$c.$0(OLS)http://semarc/name/45687 830 0$aBiblioteca di Bailamme.$0(OLS)http://semarc/title/10184 850 $aSeMil 852 $aSeMil$W1$xVenegono$y1$m2C III 553$j126797$B126797$CSeMilBibl$Z2$F138785 $81 961 $aOmaggio: Martinelli don Romano 996 $6020$a88-211-7267-8$9(OLS)http://semarc/number/164388 996 $6245$aCon occhi di Beghina :$bsguardi sull'oggi$9(OLS)http://semarc/title/252485 996 $6260$aGenova-Milano :$bMarietti 1820$9(OLS)http://semarc/publisher/31303 LEADER 01105nam a2200253 4500 001 000000349160 003 CaOOAMICUS 005 20240423163540.0 008 220119s2020 it 000 u ita r 020 $a978-88-454-0108-4 040 $aSeMil$bita 100 1 $aMiriano, Costanza,$d<1970- >.$0(OLS)http://semarc/name/113834 245 10$aNiente di ciò che soffri andrà perduto :$bmistica della vita quotidiana /$cCostanza Miriano. 264 1$aVenezia :$bSonzogno,$c2020. 300 $a143 p. ;$c21 cm 650 4$aMistica.$0(OLS)http://semarc/subject/1496 650 4$aSofferenza - Spiritualità.$0(OLS)http://semarc/subject/15018 850 $aSeMil 852 $aSeMil$W1$xVenegono$y1$m2C II 743$j247787$B240232$CSeMilBibl$Z2$F240232 $81 961 $aBrambilla don Paolo - Omaggio 996 $6020$a978-88-454-0108-4$9(OLS)http://semarc/number/295090 996 $6245$aNiente di ciò che soffri andrà perduto :$bmistica della vita quotidiana$9(OLS)http://semarc/title/438697 996 $6264$aVenezia :$bSonzogno$9(OLS)http://semarc/publisher/59790